00598nam a22001932a 450000100060000000300080000600500170001400800410003103500190007204000270009104100080011808200180012624501220014426000400026630000290030650400310033565000160036670000220038229409BD-RjUL20211209051417.0140403s1964 ilua b 000 0 eng d a(BD-RjUL)29494 aDLCcCSUdBD-RjULbeng aeng00a150bFRO 196400aFrontiers in psychology. /cGeneral editor: Roger W. Russell. Contributing editors: Vytautas J. Bieliauskas [et. al]. aChicago :bScott, Foresman,cc1964. a209 p. :bill. ;c25 cm. aBibliography: p. [196]-209 0aPsychology.1 aRussell, Roger W.